Loading...
Laika
| Main Author: | |
|---|---|
| Format: | Printed Book |
| Language: | English |
| Published: |
Kottayam:
D C Books,
2014.
|
| LEADER | 00420nam a22001217a 4500 | ||
|---|---|---|---|
| 008 | 150923b xxu||||| |||| 00| 0 eng d | ||
| 100 | |a James,V.J. | ||
| 245 | |a Laika |c /James,V.J | ||
| 260 | |a Kottayam: |b D C Books, |c 2014. | ||
| 300 | |b 77p. | ||
| 942 | |c BK | ||
| 999 | |c 233232 |d 233232 | ||
| 952 | |0 0 |1 0 |4 0 |6 853_000000000000000_5J1_LAI |7 0 |9 258485 |a MAL |b MAL |c ST1 |d 2015-09-23 |g 60.00 |l 1 |o 853.5J1 LAI |p MAL37057 |r 2019-07-29 |s 2019-07-24 |w 2015-09-23 |y BK | ||